Znižovanie verejného dlhu v Európskej únii ako cesta k fiškálnej udržateľnosti
Hodnotenie fiškálnej udržateľnosti v Európskej únii. Krátkodobé, strednodobé a dlhodobé výzvy. Vývoj v oblasti fiškálnej udržateľnosti a analýza súčasného stavu – EÚ 28, krajiny V4.
Salvato in:
| Autore principale: | |
|---|---|
| Natura: | Capitolo di libro |
| Lingua: | slovacco |
| Soggetti: | |
| Tags: |
Nessun Tag, puoi essere il primo ad aggiungerne!!
|
MARC
| LEADER | 00000naa$a2200000$$$4500 | ||
|---|---|---|---|
| 001 | 0256168 | ||
| 005 | 20240502074056.5 | ||
| 041 | 0 | |a slo | |
| 044 | |a SK | ||
| 245 | 1 | 0 | |a Znižovanie verejného dlhu v Európskej únii ako cesta k fiškálnej udržateľnosti |c Eva Sirakovová |
| 520 | |a Hodnotenie fiškálnej udržateľnosti v Európskej únii. Krátkodobé, strednodobé a dlhodobé výzvy. Vývoj v oblasti fiškálnej udržateľnosti a analýza súčasného stavu – EÚ 28, krajiny V4. | ||
| 610 | 2 | 0 | |a politika fiškálna |
| 610 | 2 | 0 | |a financie verejné |
| 610 | 2 | 0 | |a dlhy verejné |
| 610 | 2 | 0 | |a deficit |
| 610 | 2 | 0 | |a Európska únia |
| 610 | 2 | 0 | |a Vyšehradská štvorka |
| 100 | 1 | |a Sirakovová, Eva, 1994- | |